000 00976nam a22002897a 4500
003 CHAP
005 20220329135404.0
008 971013s r 00010 d
010 _a35530
011 _a36502
035 _a40621
040 _cCHAP
082 _a354.72
_bM49d 1951
110 _aMéxico. Secretaría de Bienes Nacionales
_977152
245 _aDirectorio del gobierno federal
_b: organismos descentralizados y empresas de participación estatal 1951
260 _a(México, D.F.) :
_bLa Secretaría,
_c(s.a.)
300 _a777 p
590 _aBATCH-UPD
_b10
_c20130110
_lUCH01
_h2053
590 _aBATCH-UPD
_b10
_c20130410
_lUCH01
_h1406
590 _aBATCH-UPD
_b10
_c20130914
_lUCH01
_h1849
590 _aCONVERSION
_b10
_c20130109
_lUCH01
_h1320
650 1 4 _aFuncionarios
_xMéxico.
_943957
650 1 4 _aOficinas gubernamentales
_xMéxico.
_982814
901 _aBK
942 _cLIBRO
949 _a354.72 M49d 1951
_bBC
_cC
_d33724000121919
_eC
_h42629
_i40621
_si
999 _c35530
_d35530